[Event "CRO-chT2 U20 West"]
[Site "Kastav"]
[Date "2011.04.28"]
[Round "5.11"]
[White "Monjac, Mislav"]
[Black "Kolic, Michael"]
[Result "1-0"]
[WhiteElo "1982"]
[BlackElo "1901"]
[PlyCount "97"]
[EventDate "2011.04.26"]
[EventType "team-tourn"]
[EventRounds "5"]
[EventCountry "CRO"]
[SourceTitle "EXT 2014"]
[Source "ChessBase"]
[SourceDate "2013.11.20"]
[SourceVersion "1"]
[SourceVersionDate "2013.11.20"]
[SourceQuality "1"]

1. e4 e6 2. d4 d5 3. e5 c5 4. c3 Nc6 5. Nf3 Nge7 6. a3 Nf5 7. b4 cxb4 8. cxb4 a6 9. Bb2 b5 10. Bd3 g6 11. 0-0 Bd7 12. Nbd2 Nfe7 13. Nb3 Nc8 14. Nc5 Nb6 15. Bc1 h6 16. Bf4 Bxc5 17. dxc5 Nc4 18. Bxc4 bxc4 19. Bg3 Rb8 20. Rb1 Rb5 21. Nd4 Nxd4 22. Qxd4 Rg8 23. Rb2 Rb7 24. Rfb1 Ba4 25. Re1 Qd7 26. Rd2 Bb3 27. Qc3 Qa4 28. Ra1 Kd7 29. h3 Ra8 30. Qf3 Kc6 31. Kh2 a5 32. Rxd5 exd5 33. Qf6+ Kb5 34. Qd6 Ra6 35. Qxd5 Rc6 36. bxa5 Qxa5 37. f3 Qa7 38. a4+ Bxa4 39. Rb1+ Bb3 40. Rxb3+ cxb3 41. Qxb3+ Ka5 42. Be1+ Rb4 43. Qxb4+ Ka6 44. Qc4+ Kb7 45. Qxf7+ Ka6 46. Qc4+ Kb7 47. Qb5+ Kc7 48. Ba5+ Kd7 49. e6+ 1-0

[Event "CRO-chT2 West"]
[Site "Croatia"]
[Date "2011.04.10"]
[Round "6.56"]
[White "Djuric, Petar2222"]
[Black "Kolic, Michael"]
[Result "0-1"]
[WhiteElo "2023"]
[BlackElo "1901"]
[PlyCount "110"]
[EventDate "2011.03.12"]
[EventType "team-tourn"]
[EventRounds "9"]
[EventCountry "CRO"]
[SourceTitle "EXT 2014"]
[Source "ChessBase"]
[SourceDate "2013.11.20"]
[SourceVersion "1"]
[SourceVersionDate "2013.11.20"]
[SourceQuality "1"]

1. Nf3 d5 2. d4 e6 3. c3 f5 4. g3 Nf6 5. Bg5 Be7 6. Bxf6 Bxf6 7. Bg2 Nd7 8. 0-0 0-0 9. Nbd2 c6 10. e3 b6 11. Qa4 Bb7 12. b4 Qc7 13. h4 h6 14. Rfc1 a5 15. Qb3 a4 16. Qc2 b5 17. a3 Rae8 18. Ra2 Bc8 19. Nf1 e5 20. dxe5 Nxe5 21. Nd4 Be7 22. Rd1 Bd7 23. Nh2 Bd6 24. Nhf3 Ng4 25. Qc1 Nf6 26. Ne2 Ne4 27. Rd3 g5 28. hxg5 hxg5 29. Qf1 Re7 30. Bh1 Rh7 31. Nd2 Rf6 32. f4 gxf4 33. exf4 Qb6+ 34. Nd4 Nxc3 35. Rc2 Ne4 36. Bg2 Rg6 37. Qe1 Rhg7 38. Nf1 c5 39. bxc5 Bxc5 40. Qa1 Be6 41. Kh1 Bxd4 42. Qxd4 Qxd4 43. Rxd4 Nxg3+ 44. Nxg3 Rxg3 45. Bxd5 Bxd5+ 46. Rxd5 Rxa3 47. Rd8+ Kh7 48. Rh2+ Kg6 49. Rd6+ Kf7 50. Rd7+ Ke6 51. Rxg7 Ra1+ 52. Kg2 Ra2+ 53. Kg3 Rxh2 54. Kxh2 Kd5 55. Rf7 a3 0-1

[Event "CRO-chT U16 West"]
[Site "Rijeka"]
[Date "2010.10.09"]
[Round "1.32"]
[White "Muskardin, Mario"]
[Black "Kolic, Michael"]
[Result "1-0"]
[WhiteElo "2138"]
[BlackElo "1875"]
[PlyCount "107"]
[EventDate "2010.10.09"]
[EventType "team-tourn"]
[EventRounds "11"]
[EventCountry "CRO"]
[SourceTitle "EXT 2012"]
[Source "ChessBase"]
[SourceDate "2011.11.24"]
[SourceVersion "1"]
[SourceVersionDate "2011.11.24"]
[SourceQuality "1"]

1. Nf3 d5 2. g3 Nf6 3. Bg2 e6 4. 0-0 Be7 5. d3 0-0 6. Nbd2 c5 7. e4 Nc6 8. Re1 b6 9. exd5 exd5 10. Ne5 Nxe5 11. Rxe5 Be6 12. Nf3 Bd6 13. Re1 h6 14. Ne5 Qc7 15. f4 Rae8 16. b3 Bc8 17. Bb2 d4 18. Nc4 Rxe1+ 19. Qxe1 Re8 20. Qd2 Bf8 21. Re1 Rxe1+ 22. Qxe1 Bb7 23. Qe5 Qxe5 24. fxe5 Bxg2 25. exf6 Bd5 26. fxg7 Bxg7 27. Nd6 Be6 28. Nb5 a5 29. Kf2 Be5 30. Bc1 Bd7 31. Na3 Kg7 32. Nc4 Bc7 33. Bf4 Bd8 34. Nd6 Be7 35. Nc4 Bd8 36. Bb8 b5 37. Nd6 Bb6 38. Ne4 c4 39. Kf3 cxb3 40. cxb3 Bc6 41. Kf4 f6 42. Bd6 Kg6 43. g4 a4 44. bxa4 bxa4 45. Nd2 Bb5 46. Nc4 Bxc4 47. dxc4 d3 48. Bb4 Bg1 49. h3 h5 50. Ke4 hxg4 51. hxg4 Kg5 52. Kxd3 Kxg4 53. Bd6 f5 54. c5 1-0

[Event "CRO-ch U17"]
[Site "Bjelolasica"]
[Date "2010.07.28"]
[Round "5"]
[White "Monjac, Mislav"]
[Black "Kolic, Michael"]
[Result "1/2-1/2"]
[WhiteElo "1937"]
[BlackElo "1877"]
[PlyCount "40"]
[EventDate "2010.07.25"]
[EventType "swiss"]
[EventRounds "9"]
[EventCountry "CRO"]
[SourceTitle "CBM 137 Extra"]
[Source "ChessBase"]
[SourceDate "2010.09.01"]
[SourceVersion "1"]
[SourceVersionDate "2010.09.01"]
[SourceQuality "1"]

1. e4 e6 2. d4 d5 3. e5 c5 4. c3 Nc6 5. Nf3 Nge7 6. Na3 Nf5 7. Nc2 Be7 8. Bd3 g6 9. g3 Bd7 10. h4 h5 11. Bg5 cxd4 12. cxd4 Nb4 13. Nxb4 Bxb4+ 14. Kf1 Be7 15. Kg2 Qb6 16. Bxf5 exf5 17. Bxe7 Kxe7 18. Qd2 Be6 19. Qg5+ Kd7 20. Qf6 Qd8 1/2-1/2

[Event "CRO-ch U17"]
[Site "Bjelolasica"]
[Date "2010.07.26"]
[Round "3"]
[White "Skvorc, Emanuel"]
[Black "Kolic, Michael"]
[Result "1/2-1/2"]
[WhiteElo "1731"]
[BlackElo "1877"]
[PlyCount "46"]
[EventDate "2010.07.25"]
[EventType "swiss"]
[EventRounds "9"]
[EventCountry "CRO"]
[SourceTitle "CBM 137 Extra"]
[Source "ChessBase"]
[SourceDate "2010.09.01"]
[SourceVersion "1"]
[SourceVersionDate "2010.09.01"]
[SourceQuality "1"]

1. e4 e6 2. d4 d5 3. Nd2 h6 4. Ne2 Nf6 5. e5 Nfd7 6. g3 c5 7. c3 Nc6 8. Bg2 Be7 9. 0-0 0-0 10. Nf3 b6 11. Be3 Re8 12. Rc1 Ba6 13. Re1 Bxe2 14. Rxe2 f6 15. exf6 Bxf6 16. Qc2 Rc8 17. Qg6 Ne7 18. Qd3 Nf5 19. Rce1 Nf8 20. Bh3 Qd7 21. Bf4 Nd6 22. Ne5 Bxe5 23. Bxe5 Nf7 1/2-1/2

[Event "CRO-ch U17"]
[Site "Bjelolasica"]
[Date "2009.07.27"]
[Round "3"]
[White "Dejanovic, Dragan"]
[Black "Kolic, Michael"]
[Result "0-1"]
[WhiteElo "1580"]
[BlackElo "1842"]
[PlyCount "52"]
[EventDate "2009.07.26"]
[EventType "swiss"]
[EventRounds "9"]
[EventCountry "CRO"]
[SourceTitle "CBM 131 Extra"]
[Source "ChessBase"]
[SourceDate "2009.09.03"]
[SourceVersion "2"]
[SourceVersionDate "2009.09.16"]
[SourceQuality "1"]

1. d4 e6 2. c4 d5 3. Nf3 c6 4. Nc3 f5 5. Bf4 Nf6 6. e3 Bd6 7. Bxd6 Qxd6 8. Ne5 Nbd7 9. cxd5 exd5 10. Nd3 0-0 11. Be2 Qe7 12. 0-0 Ne4 13. Nf4 Ndf6 14. h3 g5 15. Nd3 g4 16. hxg4 fxg4 17. Ne5 g3 18. Nxe4 Nxe4 19. fxg3 Be6 20. Bg4 Rxf1+ 21. Kxf1 Rf8+ 22. Kg1 Rf2 23. Qb3 Bxg4 24. Nxg4 Rf8 25. Rf1 Rxf1+ 26. Kxf1 Nd2+ 0-1

[Event "CRO-ch U17"]
[Site "Bjelolasica"]
[Date "2009.07.27"]
[Round "2"]
[White "Kolic, Michael"]
[Black "Bjelicic, Jan"]
[Result "0-1"]
[WhiteElo "1842"]
[BlackElo "2058"]
[PlyCount "54"]
[EventDate "2009.07.26"]
[EventType "swiss"]
[EventRounds "9"]
[EventCountry "CRO"]
[SourceTitle "CBM 131 Extra"]
[Source "ChessBase"]
[SourceDate "2009.09.03"]
[SourceVersion "2"]
[SourceVersionDate "2009.09.16"]
[SourceQuality "1"]

1. d4 d5 2. Nf3 Nf6 3. e3 c6 4. Be2 Bf5 5. 0-0 Nbd7 6. c4 e6 7. Nc3 Bd6 8. a3 0-0 9. Nh4 Bg6 10. Nxg6 hxg6 11. b4 Ne4 12. Nxe4 dxe4 13. Qb3 Qh4 14. g3 Qh3 15. Re1 Nf6 16. Bb2 Ng4 17. Bxg4 Qxg4 18. Qd1 Qf5 19. Qe2 g5 20. c5 Bc7 21. a4 g4 22. b5 Kh7 23. a5 cxb5 24. Qxb5 Rab8 25. Bc3 Kg6 26. Reb1 Rh8 27. c6 Qf3 0-1

[Event "CRO-ch U15"]
[Site "Novi Vinodolski"]
[Date "2009.06.24"]
[Round "7"]
[White "Havas, Juraj"]
[Black "Kolic, Michael"]
[Result "1/2-1/2"]
[WhiteElo "1952"]
[BlackElo "1833"]
[PlyCount "44"]
[EventDate "2009.06.21"]
[EventType "swiss"]
[EventRounds "9"]
[EventCountry "CRO"]
[SourceTitle "EXT 2011"]
[Source "ChessBase"]
[SourceDate "2010.11.26"]
[SourceVersion "1"]
[SourceVersionDate "2010.11.26"]
[SourceQuality "1"]

1. d4 d5 2. c4 e6 3. Nf3 c6 4. Qc2 f5 5. g3 Nf6 6. Bg2 Be7 7. 0-0 0-0 8. b3 Ne4 9. Bb2 Nd7 10. Nbd2 Ndf6 11. Ne5 Qe8 12. Bf3 g5 13. Rad1 g4 14. Bg2 Qh5 15. Bc1 Nxd2 16. Bxd2 Ne4 17. Bf4 Bg5 18. Nd3 Qg6 19. Bxg5 Qxg5 20. Qc1 Qg7 21. Nf4 Nf6 22. Qe3 Qf7 1/2-1/2

[Event "CRO-ch U13 16th"]
[Site "Sibenik"]
[Date "2007.08.29"]
[Round "5"]
[White "Kolic, Michael"]
[Black "Ostovic, Matija"]
[Result "0-1"]
[WhiteElo "1731"]
[BlackElo "1948"]
[PlyCount "67"]
[EventDate "2007.08.27"]
[EventType "swiss"]
[EventRounds "9"]
[EventCountry "CRO"]
[SourceTitle "CBM 120 Extra"]
[Source "ChessBase"]
[SourceDate "2007.11.01"]
[SourceVersion "1"]
[SourceVersionDate "2007.11.01"]
[SourceQuality "1"]

1. e4 c5 2. c3 g6 3. d4 Bg7 4. Nf3 cxd4 5. cxd4 d5 6. e5 Bg4 7. h3 Bxf3 8. Qxf3 Nc6 9. Nc3 Nxd4 10. Qd3 Nc6 11. f4 e6 12. Nb5 Bf8 13. a3 a6 14. Nc3 Bc5 15. Bd2 Nge7 16. Be2 0-0 17. g4 Qb6 18. Rb1 Bf2+ 19. Kf1 Qd4 20. Qxd4 Bxd4 21. Bd3 g5 22. Re1 gxf4 23. Bxf4 Ng6 24. Bh6 Rfc8 25. Bxg6 hxg6 26. Bf4 Na5 27. Rc1 Nb3 28. Rc2 Bxc3 29. bxc3 Rc4 30. Bg3 Rac8 31. Be1 d4 32. Rb2 dxc3 33. Rxb3 c2 34. Bd2 0-1